00447cam a22001097a 4500008003800000082001600038245004100054260006400095500005800159650005300217700006700270180718b-- xxu||||| |||| 00| 0 eng d aL906x5422 G aAccounts at a glance, Madhya Pradesh aGwaliorbAccountant General (Accounts and Entitlements)c-- aLibrary has 1998/99, 2000/01-2003/04, 2005/06-2010/11 aMadhya Pradesh - Appropriations and expenditures aMadhya Pradesh. Accountant General (Accounts and Entitlements)